Humo de segundo mano : qué puede hacer usted sobre le humo de segunda mano como padre, personal directivo, y ocupante de un edifico.

Bibliographic Details
Uniform Title:Secondhand smoke.
Corporate Author: United States. Environmental Protection Agency
Format: Government Document Book
Language:Spanish
Published: [Washington, DC] : EPA, [1996]
Subjects:

MARC

Tag First Indicator Second Indicator Subfields
LEADER 00000cam a2200000 a 4500
001 in00001290321
005 20151005050422.0
008 960321s1996 dcua f000 0 spa d
010 |a gp 96066920  
035 |a (OCoLC)34426692 
035 |9 AHA2325AM 
040 |a GPO  |c GPO  |d DLC  |d MvI  |d UtOrBLW 
043 |a n-us--- 
074 |a 0431-I-01 
086 0 |a EP 1.2:SM 7/5/SPAN. 
130 0 |a Secondhand smoke.  |l Spanish. 
245 1 0 |a Humo de segundo mano :  |b qué puede hacer usted sobre le humo de segunda mano como padre, personal directivo, y ocupante de un edifico. 
264 1 |a [Washington, DC] :  |b EPA,  |c [1996] 
300 |a 1 folded sheet :  |b color illustrations ;  |c 35 x 49 cm. folded to 18 x 24 cm. 
336 |a text  |b txt  |2 rdacontent 
337 |a unmediated  |b n  |2 rdamedia 
338 |a sheet  |b nb  |2 rdacarrier 
500 |a Spanish version of: Secondhand smoke. 
500 |a Shipping list number: 96-0153-P. 
650 0 |a Passive smoking  |z United States. 
650 0 |a Tobacco smoke pollution  |z United States. 
710 1 |a United States.  |b Environmental Protection Agency. 
999 |a MARS 
999 f f |s cb3a39bd-ad88-381e-89ff-cd09d63e3173  |i a8433be8-09bf-366b-9bed-db1ceb52f0cd  |t 0 
952 f f |p normal  |a Texas A&M University  |b College Station  |c Sterling C. Evans Library  |d Evans: US Documents (Annex 5th floor)  |t 0  |e EP 1.2:SM 7/5/SPAN.  |h Superintendent of Documents classification  |i unmediated -- sheet  |m A14820071002 
998 f f |a EP 1.2:SM 7/5/SPAN.  |t 0  |l Evans: US Documents (Annex 5th floor)